000
00227nam a2200109Ia 4500
100
_a
Gaur-Nitin
_9
42
942
_c
BK
245
_a
Blockchain with Hyperledger fabric
260
_c
2020
082
_a
005.76
_b
GAU
300
_a
724
999
_c
35836
_d
35836